000 00612nam a2200181Ia 4500
008 151018s9999 xx 000 0 und d
082 _bRBASDV29148
_a891.463
100 _aसुमती क्षेत्रमाडे
245 _aडाँली
250 _b1
260 _bबांदोडकर पब्लिशिंग कंपनी मुंबई
_c1987
300 _a232
600 _aसुमती क्षेत्रमाडे
630 _aडाँली
700 _aसुमती क्षेत्रमाडे
730 _aडाँली
942 _cBOOK
999 _c1028713
_d1028710